MARC

LEADER 00000nam^a2200000^a^4500
001 000157810
005 20250521000000.0
009 20260310100552.827
020 |a 968-476-403-0 
037 |a Acervo ITESO - Biblioteca 
041 |a ESP 
082 |a 340. 1  |b BIB V. 85 
100 |a Ruiz-Tagle, Pablo  |e (autor) 
240 1 1 |a [Biblioteca de ética, filosofía del derecho y política] 
245 1 0 |a Derecho, justicia y libertad :  |b ensayos de derecho chileno y comparado /  |c P. Ruiz-Tagle ; dir. de la serie de E. Garzón Valdés, R. Vázquez. 
264 4 |a México :  |b Fontamara,  |c 2002, c2002 
300 |a 219 p. 
336 |a texto  |b txt  |2 rdacontenido 
337 |a sin mediación  |b n  |2 rdamedio 
338 |a volumen  |b nc  |2 rdasoporte 
440 1 |a (Biblioteca de Etica, Filosofía del Derecho y Política ;  |v 85) 
649 |a XX 
650 |a Filósofos Norteamericanos 
650 |a Justicia e Injusticia 
650 |a Bien y Mal 
650 |a Fraternidad 
650 |a Censura -  |z Chile 
650 |a Libertad de Expresión -  |z Chile 
650 |a Comunicación y Política -  |z Chile 
650 |a Televisión -  |z Chile -  |x Aspectos Jurídicos 
650 |a Medios Audiovisuales -  |z Chile -  |x Aspectos Jurídicos 
650 |a Medios de Comunicación -  |z Chile -  |x Aspectos Jurídicos 
650 |a Comunicación Visual -  |z Chile -  |x Aspectos Jurídicos 
650 |a Comunicación Masiva -  |z Chile -  |x Aspectos Jurídicos 
650 |a Libertad 
650 |a Amor -  |x Aspectos Jurídicos 
650 |a Igualdad y Desigualdad 
650 |a Liberalismo 
650 |a Función Social 
650 |a Lingüística 
650 |a Sociología del Derecho 
650 |a Derecho -  |z Chile 
650 |a Derecho Comparado 
650 |a Derecho Internacional 
650 |a Derecho Positivo 
650 |a Derecho y Etica 
650 |a Derecho y Política 
650 |a Derecho -  |x Teoría 
650 |a Derecho -  |x Filosofía 
650 |a Dworkin, Ronald M. 
650 |a Rawls, John 
910 |a Fondo General 
920 |a Impresos - Libros 
930 |a Colección General 
905 |a 101 
901 |a 0500087551  |b IT1  |c ACC  |u 20250521 
902 |a https://opac.biblio.iteso.mx/vufind/Record/000157810